• 首页
  • 本馆介绍
  • 公告通知
  • 最新文献
  • 馆藏检索
  • 电子资源
  • 读者导购
  • 参考咨询
  • 我的图书馆
  • 登录
  • 详细信息显示
  • 放入我的书架
  • 预约/预借图书
  • 作者相关作品
  • 分类相关作品
  • 丛书相关作品
  • 出版社相关作品

书目信息

  • 表格格式
  • 工作单格式
  • 卡片格式
题名:
超级女生内幕
    
 
作者: 三宝 著
分册:  
出版信息: 北京   新华出版社  2006.01
页数: 188页
开本: 23cm
丛书名:
单 册:
中图分类: J692.7
科图分类:
主题词: 女性--歌唱--选拔赛--概况--中国--2005 , 女性 , 歌唱 , 选拔赛
电子资源:
ISBN: 7-5011-7374-5
000 00854nam0 2200289 45
001 012006041901
005 20060907091024.83
010    @a7-5011-7374-5@dCNY25.00
092    @aCN@b491614
100    @a20060419d2006 em y0chiy0120 ea
101 0  @achi
102    @aCN@b110000
105    @aa z 000yy
200 1  @a超级女生内幕@Achao ji nu^ sheng nei mu@f三宝著@Fsan bao zhu
210    @a北京@c新华出版社@d2006.01
215    @a188页@c照片@d23cm
300    @a汇文堂文化
330    @a本书内容包括:头条新闻、超女背后的三个超男、粉比大战、挂超女卖酸奶、超女巡演有点乱、不签约不能入围等。
606 0  @a女性@x歌唱@x选拔赛@x概况@y中国@z2005
606 0  @a女性
606 0  @a歌唱
606 0  @a选拔赛
690    @aJ692.7@v4
701  0 @a三宝@Asan bao@4著
801  0 @aCN@bLZJBOOK@c20060907
905    @aBZT@dJ692.7@e1
906    @dCNY25.00@n0@r1
    
    超级女生内幕/三宝著.-北京:新华出版社,2006.01
    188页:照片;23cm
    汇文堂文化
    
    ISBN 7-5011-7374-5:CNY25.00
    本书内容包括:头条新闻、超女背后的三个超男、粉比大战、挂超女卖酸奶、超女巡演有点乱、不签约不能入围等。
●
相关链接 在五车中查询图书 在当当中查询图书 在豆瓣中查询图书


正题名:超级女生内幕     索取号:J692.7/1         预约/预借

序号 登录号 条形码 馆藏地/架位号 状态 备注
1 452633   230009192   中心书库中库/ 中库021架A面5列6层37/ [索取号:J692.7/1] 在馆    
2 452634   230009191   中心书库中库/ 中库021架A面5列6层36/ [索取号:J692.7/1] 在馆    
3 452635   230009194   中心书库中库/ 中库021架A面5列6层25/ [索取号:J692.7/1] 在馆    
4 452636   230009193   中心书库中库/ 中库021架A面5列6层26/ [索取号:J692.7/1] 在馆    
5 452637   230009196   中心书库中库/ 中库021架A面5列6层38/ [索取号:J692.7/1] 在馆    
山东省滨州职业学院图书馆 欢迎您!
大连网信软件有限公司© 版权所有